000 00381 a2200169 4500
001 69635
020 _a8508098200
040 _cAnchieta - Itaigara
100 _aRedmond, Diane
240 1 0 _aDora Drama quer ser atriz
_lpor
245 1 0 _aDora Drama quer ser atriz
300 _a47
362 0 _a2005
440 1 _aÁtica
650 4 _aLiteratura infanto-juvenil
942 _cBK
999 _c69635
_d69635